000 00796nam a22002177a 4500
005 20260205140226.0
008 260205b |||||||| |||| 00| 0 eng d
050 _aTHE LC214
_b.W35 2025
100 _aWakhisi, Norah
245 _aSociocultural practices and implications on girls' education in Baringo County, Kenya /
260 _aLimuru, Kenya:
_bSt. Paul's University,
_c2025.
300 _axiv, 193 p. ;
_c30cm.
521 _aIncludes bibliographical references
650 _aGirls
_xEducation
_zKenya
650 _aFemale genital mutilation
_ySocial aspects
_zKenya
650 _aPastoral nomadism
_xSocial aspects
_zKenya
700 _aMwangi, Suleiman
_eDr.
700 _aVundi, Nason
_eDr.
856 _uhttps://repository.spu.ac.ke/xmlui/handle/123456789/6671
942 _2lcc
_cTHES
999 _c60154
_d60154